| 000 | 00867nam a2200253Ia 4500 | ||
|---|---|---|---|
| 003 | OSt | ||
| 005 | 20220925181452.0 | ||
| 006 | a|||||r|||| 00| 0 | ||
| 007 | ta | ||
| 008 | 220923b |||||||| |||| 00| 0 eng d | ||
| 020 |
_a978184449633 _c5946.4300000000003 |
||
| 037 |
_b30028, 03/08/2010, Segment Book Distrobutors _cGeneral Book |
||
| 040 |
_aRTL _cRTL _beng |
||
| 041 |
_2eng _aeng |
||
| 082 | _aX4:75, Q0 | ||
| 100 |
_aTAMPERE Chris M.J _9253904 |
||
| 245 | 0 |
_aNew developments in transport planning _b Advances in dynamic traffic assignment |
|
| 260 |
_aCheltenham _bEdward Elgar _c2010 |
||
| 300 |
_axvi, 391p _ccm. |
||
| 490 | _aTransport Economics, Management and Policy | ||
| 650 | _aGeography | ||
| 942 |
_hX4:75, Q0 _cGB _2CC |
||
| 999 |
_c499382 _d499382 |
||